[Event "SVK Extraliga 2019-20"]
[Site "Slovakia"]
[Date "2019.11.23"]
[Round "3.2"]
[White "Plat, Vojtech"]
[Black "Rigo, Zsolt"]
[Result "1-0"]
[WhiteElo "2570"]
[BlackElo "2396"]
[Annotator "ChessBase"]
[PlyCount "81"]
[EventDate "2019.10.19"]
[EventType "team-tourn"]
[EventCountry "SVK"]
[SourceTitle "playchess.com"]
[Source "ChessBase"]
[SourceQuality "1"]
[WhiteTeam "Dubnica"]
[BlackTeam "Streda"]
[TimeControl "40/5400+30:1800+30"]

1. d4 {[%emt 0:00:00]} Nf6 {[%emt 0:00:00]} 2. c4 {[%emt 0:00:00]} e6 {[%emt 0:00:00]} 3. Nc3 {[%emt 0:00:12]} Bb4 {[%emt 0:00:23]} 4. Qc2 {[%emt 0:00:04]} d5 {[%emt 0:01:57]} 5. Nf3 {[%emt 0:00:33]} dxc4 {[%emt 0:05:54]} 6. Bg5 {[%emt 0:19:10]} b5 {[%emt 0:17:56]} 7. a4 {[%emt 0:00:08]} c6 {[%emt 0:01:18]} 8. Nd2 {[%emt 0:12:02]} Qb6 {[%emt 0:10:57]} 9. Bxf6 {[%emt 0:04:44]} gxf6 {[%emt 0:00:02]} 10. g3 {[%emt 0:01:30]} Bb7 {[%emt 0:00:59]} 11. Bg2 {[%emt 0:00:55]} Nd7 {[%emt 0:03:08]} 12. O-O {[%emt 0:00:11]} O-O {[%emt 0:03:46]} 13. Qe4 {[%emt 0:04:18]} a6 {[%emt 0:06:23]} 14. Qh4 {[%emt 0:03:36]} Rfd8 {[%emt 0:07:39]} 15. Rfd1 {[%emt 0:02:38]} Bf8 {[%emt 0:05:32]} 16. Qf4 {[%emt 0:06:35]} Bg7 {[%emt 0:09:54]} 17. Nde4 {[%emt 0:01:14]} f5 {[%emt 0:01:30]} 18. Ng5 {[%emt 0:11:44]} Nf8 {[%emt 0:01:41]} 19. e4 {[%emt 0:02:27]} h6 {[%emt 0:06:49]} 20. Nf3 {[%emt 0:01:44]} b4 {[%emt 0:01:28]} 21. a5 {[%emt 0:02:27]} Qa7 {[%emt 0:01:18]} 22. Ne2 {[%emt 0:07:11]} Ng6 {[%emt 0:00:20]} 23. Qc1 {[%emt 0:00:37]} fxe4 {[%emt 0:00:16]} 24. Nd2 {[%emt 0:00:04]} c3 {[%emt 0:02:46]} 25. bxc3 {[%emt 0:00:08]} bxc3 {[%emt 0:00:21]} 26. Nxe4 {[%emt 0:00:07]} c5 {[%emt 0:02:56]} 27. Rb1 {[%emt 0:00:46]} Bxe4 {[%emt 0:02:52]} 28. Bxe4 {[%emt 0:00:09]} cxd4 {[%emt 0:00:29]} 29. Qc2 {[%emt 0:03:06]} Ne5 {[%emt 0:04:59]} 30. Nxd4 {[%emt 0:04:59]} Rac8 {[%emt 0:00:41]} 31. Rb6 {[%emt 0:00:14]} Nc4 {[%emt 0:00:38]} 32. Nc6 {[%emt 0:00:31]} Rxd1+ {[%emt 0:00:07]} 33. Qxd1 {[%emt 0:00:00]} Qc7 {[%emt 0:00:11]} 34. Rxa6 {[%emt 0:00:30]} Nb2 {[%emt 0:01:15]} 35. Qf3 {[%emt 0:02:02]} Qd6 {[%emt 0:00:23]} 36. Ra7 {[%emt 0:01:17]} Rf8 {[%emt 0:00:01]} 37. Bc2 {[%emt 0:00:20]} Kh8 {[%emt 0:00:58]} 38. Ne7 {[%emt 0:03:10]} Qd4 {[%emt 0:00:28]} 39. Ra8 {[%emt 0:00:21]} Qd2 {[%emt 0:00:43]} 40. Rxf8+ {[%emt 0:00:32]} Bxf8 {[%emt 0:00:02]} 41. Qxf7 {[%emt 0:30:11]} 1-0

[Event "SVK Extraliga 2019-20"]
[Site "Slovakia"]
[Date "2019.11.23"]
[Round "3.2"]
[White "Zilka, Stepan"]
[Black "Malinovsky, Karel"]
[Result "1-0"]
[WhiteElo "2551"]
[BlackElo "2472"]
[Annotator "ChessBase"]
[PlyCount "66"]
[EventDate "2019.10.19"]
[EventType "team-tourn"]
[EventCountry "SVK"]
[SourceTitle "playchess.com"]
[Source "ChessBase"]
[SourceQuality "1"]
[WhiteTeam "Prakovce"]
[BlackTeam "Slovan"]
[TimeControl "40/5400+30:1800+30"]

1. e4 {[%emt 0:01:33]} e5 {[%emt 0:00:00]} 2. Nf3 {[%emt 0:03:47]} Nc6 {[%emt 0:00:00]} 3. d4 {[%emt 0:00:04]} exd4 {[%emt 0:00:03]} 4. Nxd4 {[%emt 0:00:03]} Bc5 {[%emt 0:00:48]} 5. Nxc6 {[%emt 0:00:32]} bxc6 {[%emt 0:00:41]} 6. Bd3 {[%emt 0:04:41]} d6 {[%emt 0:01:23]} 7. Nc3 {[%emt 0:01:42]} Qh4 {[%emt 0:04:23]} 8. Qf3 {[%emt 0:05:23]} Nh6 {[%emt 0:02:22]} 9. Be3 {[%emt 0:08:42]} Bxe3 {[%emt 0:04:52]} 10. Qxe3 {[%emt 0:01:25]} Ng4 {[%emt 0:00:24]} 11. Qg3 {[%emt 0:00:47]} Qf6 {[%emt 0:10:35]} 12. f4 {[%emt 0:14:17]} g5 {[%emt 0:17:48]} 13. fxg5 {[%emt 0:00:01]} Qxg5 {[%emt 0:04:53]} 14. h3 {[%emt 0:00:48]} Qe5 {[%emt 0:00:26]} 15. Qf3 {[%emt 0:00:17]} Nf6 {[%emt 0:08:53]} 16. O-O {[%emt 0:01:43]} Ke7 {[%emt 0:01:58]} 17. Rae1 {[%emt 0:02:54]} Be6 {[%emt 0:00:56]} 18. Nd5+ {[%emt 0:01:42]} cxd5 {[%emt 0:14:21]} 19. exd5 {[%emt 0:00:04]} Qd4+ {[%emt 0:00:54]} 20. Kh1 {[%emt 0:00:52]} Raf8 {[%emt 0:01:01]} 21. c3 {[%emt 0:07:13]} Qxd5 {[%emt 0:05:11]} 22. Qxf6+ {[%emt 0:00:07]} Kd7 {[%emt 0:00:06]} 23. Be4 {[%emt 0:08:44]} Qxa2 {[%emt 0:03:25]} 24. b4 {[%emt 0:05:29]} Rhg8 {[%emt 0:03:31]} 25. Rf2 {[%emt 0:03:43]} Qc4 {[%emt 0:06:22]} 26. Bxh7 {[%emt 0:00:41]} Bd5 {[%emt 0:01:34]} 27. Re7+ {[%emt 0:05:58]} Kc8 {[%emt 0:01:43]} 28. Bxg8 {[%emt 0:00:58]} Rxg8 {[%emt 0:00:05]} 29. Kh2 {[%emt 0:05:25]} Qd3 {[%emt 0:02:18]} 30. g4 {[%emt 0:05:02]} Qd1 {[%emt 0:02:44]} 31. Rf1 {[%emt 0:01:47]} Qd2+ {[%emt 0:00:59]} 32. Qf2 {[%emt 0:00:36]} Qh6 {[%emt 0:00:42]} 33. Qxa7 {[%emt 0:02:30]} Bb7 1-0

[Event "SVK Extraliga 2019-20"]
[Site "Slovakia"]
[Date "2019.11.23"]
[Round "3.2"]
[White "Mazur, Stefan"]
[Black "Macko, Miroslav"]
[Result "1-0"]
[WhiteElo "2457"]
[BlackElo "2303"]
[Annotator "ChessBase"]
[PlyCount "53"]
[EventDate "2019.10.19"]
[EventType "team-tourn"]
[EventCountry "SVK"]
[SourceTitle "playchess.com"]
[Source "ChessBase"]
[SourceQuality "1"]
[WhiteTeam "Liptovska"]
[BlackTeam "KSN"]
[TimeControl "40/5400+30:1800+30"]

1. e4 {[%emt 0:00:00]} e5 {[%emt 0:00:00]} 2. Nf3 {[%emt 0:00:00]} Nf6 {[%emt 0:00:05]} 3. Nc3 {[%emt 0:00:07]} Nc6 {[%emt 0:00:28]} 4. Bb5 {[%emt 0:00:08]} Bb4 {[%emt 0:06:13]} 5. O-O {[%emt 0:00:21]} O-O {[%emt 0:00:48]} 6. d3 {[%emt 0:00:22]} d6 {[%emt 0:02:37]} 7. Ne2 {[%emt 0:00:19]} Bg4 {[%emt 0:03:46]} 8. Bxc6 {[%emt 0:15:55]} bxc6 {[%emt 0:00:47]} 9. Ng3 {[%emt 0:00:08]} Nh5 {[%emt 0:07:16]} 10. h3 {[%emt 0:03:00]} Nxg3 {[%emt 0:07:31]} 11. fxg3 {[%emt 0:00:09]} Be6 {[%emt 0:00:37]} 12. Be3 {[%emt 0:09:43]} f6 {[%emt 0:03:48]} 13. c3 {[%emt 0:00:32]} Bc5 {[%emt 0:16:43]} 14. Bxc5 {[%emt 0:00:28]} dxc5 {[%emt 0:00:04]} 15. d4 {[%emt 0:02:24]} cxd4 {[%emt 0:07:14]} 16. cxd4 {[%emt 0:00:08]} Qb8 {[%emt 0:01:11]} 17. Rc1 {[%emt 0:20:03]} Qb6 {[%emt 0:09:19]} 18. Qa4 {[%emt 0:01:48]} Bd7 {[%emt 0:06:00]} 19. Kh2 {[%emt 0:03:26]} exd4 {[%emt 0:05:46]} 20. e5 {[%emt 0:11:36]} Kh8 {[%emt 0:01:12]} 21. exf6 {[%emt 0:06:01]} Rxf6 {[%emt 0:00:49]} 22. Ne5 {[%emt 0:01:10]} Rxf1 {[%emt 0:02:39]} 23. Rxf1 {[%emt 0:01:01]} Be6 {[%emt 0:00:26]} 24. Qa3 {[%emt 0:04:28]} c5 {[%emt 0:04:05]} 25. Qf3 {[%emt 0:00:18]} Rg8 {[%emt 0:00:33]} 26. Qe4 {[%emt 0:05:58]} Qd6 {[%emt 0:03:08]} 27. Ng6+ {[%emt 0:00:36]} 1-0

[Event "SVK Extraliga 2019-20"]
[Site "Slovakia"]
[Date "2019.11.23"]
[Round "3.3"]
[White "Bagi, Mate"]
[Black "Motuz, Karol"]
[Result "1-0"]
[WhiteElo "2461"]
[BlackElo "2365"]
[Annotator "ChessBase"]
[PlyCount "102"]
[EventDate "2019.10.19"]
[EventType "team-tourn"]
[EventCountry "SVK"]
[SourceTitle "playchess.com"]
[Source "ChessBase"]
[SourceQuality "1"]
[WhiteTeam "Streda"]
[BlackTeam "Dubnica"]
[TimeControl "40/5400+30:1800+30"]

1. e4 {[%emt 0:00:00]} e6 {[%emt 0:00:00]} 2. d4 {[%emt 0:00:20]} d5 {[%emt 0:00:00]} 3. Nc3 {[%emt 0:01:12]} Nf6 {[%emt 0:00:10]} 4. e5 {[%emt 0:00:13]} Nfd7 {[%emt 0:00:05]} 5. f4 {[%emt 0:00:18]} c5 {[%emt 0:00:04]} 6. Nf3 {[%emt 0:00:12]} Nc6 {[%emt 0:00:04]} 7. Be3 {[%emt 0:00:25]} Be7 {[%emt 0:00:10]} 8. Qd2 {[%emt 0:03:21]} a6 {[%emt 0:01:31]} 9. Bd3 {[%emt 0:10:28]} O-O {[%emt 0:09:43]} 10. dxc5 {[%emt 0:31:23]} Nxc5 {[%emt 0:03:28]} 11. O-O-O {[%emt 0:04:11]} b5 {[%emt 0:06:28]} 12. Bxc5 {[%emt 0:05:38]} Bxc5 {[%emt 0:00:29]} 13. Bxh7+ {[%emt 0:01:05]} Kh8 {[%emt 0:37:57]} 14. Bd3 {[%emt 0:02:45]} f6 {[%emt 0:13:52]} 15. Nh4 {[%emt 0:07:35]} Kg8 {[%emt 0:03:35]} 16. Ng6 {[%emt 0:01:55]} fxe5 {[%emt 0:05:30]} 17. Nxf8 {[%emt 0:04:04]} Qxf8 {[%emt 0:00:53]} 18. fxe5 {[%emt 0:00:42]} Nxe5 {[%emt 0:01:07]} 19. Qg5 {[%emt 0:03:24]} Qf6 {[%emt 0:02:46]} 20. Qh5 {[%emt 0:01:15]} g6 {[%emt 0:02:13]} 21. Qe2 {[%emt 0:01:29]} Bd7 {[%emt 0:02:16]} 22. Rdf1 {[%emt 0:03:24]} Qg5+ {[%emt 0:02:51]} 23. Kb1 {[%emt 0:00:06]} b4 {[%emt 0:01:07]} 24. h4 {[%emt 0:01:24]} Qe3 {[%emt 0:02:32]} 25. Nd1 {[%emt 0:01:44]} Qxe2 {[%emt 0:00:32]} 26. Bxe2 {[%emt 0:00:05]} a5 {[%emt 0:01:23]} 27. Nf2 {[%emt 0:00:53]} Kg7 {[%emt 0:00:35]} 28. Ng4 {[%emt 0:01:09]} Nxg4 {[%emt 0:01:23]} 29. Bxg4 {[%emt 0:00:05]} Re8 {[%emt 0:00:52]} 30. h5 {[%emt 0:02:25]} Re7 {[%emt 0:00:48]} 31. Rh3 {[%emt 0:01:57]} Bb5 {[%emt 0:00:27]} 32. Rd1 {[%emt 0:00:27]} Bc6 {[%emt 0:00:29]} 33. Bf3 {[%emt 0:01:35]} g5 {[%emt 0:00:32]} 34. Rhh1 {[%emt 0:01:33]} Kh6 {[%emt 0:00:35]} 35. Rhe1 {[%emt 0:01:32]} Bf2 {[%emt 0:00:29]} 36. Re2 {[%emt 0:00:33]} Bg3 {[%emt 0:00:32]} 37. Bxd5 {[%emt 0:03:11]} Bxd5 {[%emt 0:00:26]} 38. Rxd5 {[%emt 0:00:04]} Kxh5 {[%emt 0:00:29]} 39. Rxa5 {[%emt 0:00:34]} e5 {[%emt 0:00:36]} 40. a4 {[%emt 0:02:17]} e4 {[%emt 0:00:29]} 41. Rb5 {[%emt 0:31:56]} e3 {[%emt 0:03:54]} 42. Rxb4 {[%emt 0:00:00]} Bf2 {[%emt 0:00:51]} 43. Rd4 {[%emt 0:00:00]} g4 {[%emt 0:01:27]} 44. Rf4 {[%emt 0:00:00]} Kh4 {[%emt 0:04:19]} 45. Rfxf2 {[%emt 0:00:00]} exf2 {[%emt 0:00:18]} 46. Rxf2 {[%emt 0:00:00]} Kg3 {[%emt 0:03:01]} 47. Rd2 {[%emt 0:00:00]} Kh2 {[%emt 0:01:55]} 48. b4 {[%emt 0:00:00]} g3 {[%emt 0:00:18]} 49. a5 {[%emt 0:00:00]} Re1+ {[%emt 0:04:20]} 50. Kb2 {[%emt 0:00:00]} Rd1 {[%emt 0:00:31]} 51. Rxd1 {[%emt 0:00:00]} Kxg2 {[%emt 0:00:24]} 1-0

[Event "SVK Extraliga 2019-20"]
[Site "Slovakia"]
[Date "2019.11.23"]
[Round "3.3"]
[White "Pacher, Milan"]
[Black "Manik, Mikulas"]
[Result "1/2-1/2"]
[WhiteElo "2442"]
[BlackElo "2377"]
[Annotator "NA"]
[PlyCount "44"]
[EventDate "2019.10.19"]
[EventType "team-tourn"]
[EventCountry "SVK"]
[SourceTitle "playchess.com"]
[Source "ChessBase"]
[SourceQuality "1"]
[WhiteTeam "Slovan"]
[BlackTeam "Prakovce"]
[TimeControl "40/5400+30:1800+30"]

1. d4 {[%emt 0:03:07]} Nf6 {[%emt 0:00:00]} 2. c4 {[%emt 0:00:07]} g6 {[%emt 0:00:00]} 3. g3 {[%emt 0:00:54]} Bg7 {[%emt 0:00:01]} 4. Bg2 {[%emt 0:00:06]} O-O {[%emt 0:00:11]} 5. Nf3 {[%emt 0:00:15]} d6 {[%emt 0:00:35]} 6. O-O {[%emt 0:01:15]} Nc6 {[%emt 0:03:41]} 7. Nc3 {[%emt 0:02:35]} e5 {[%emt 0:04:04]} 8. dxe5 {[%emt 0:06:21]} Nxe5 {[%emt 0:04:14]} 9. Nxe5 {[%emt 0:01:19]} dxe5 {[%emt 0:00:07]} 10. Qxd8 {[%emt 0:00:41]} Rxd8 {[%emt 0:00:03]} 11. Bg5 {[%emt 0:00:27]} Rd4 {[%emt 0:04:10]} 12. Nd5 {[%emt 0:02:48]} Nxd5 {[%emt 0:00:44]} 13. cxd5 {[%emt 0:00:04]} e4 {[%emt 0:04:35]} 14. Rfd1 {[%emt 0:02:23]} Bf5 {[%emt 0:04:45]} 15. h3 {[%emt 0:08:02]} h5 {[%emt 0:02:17]} 16. Bf4 {[%emt 0:00:30]} c6 {[%emt 0:04:00]} 17. dxc6 {[%emt 0:02:28]} bxc6 {[%emt 0:00:14]} 18. Rxd4 {[%emt 0:00:31]} Bxd4 {[%emt 0:00:08]} 19. Rc1 {[%emt 0:00:30]} Bxb2 {[%emt 0:02:31]} 20. Rxc6 {[%emt 0:00:21]} Rc8 {[%emt 0:00:16]} 21. Bxe4 {[%emt 0:00:40]} Rxc6 {[%emt 0:00:11]} 22. Bxc6 {[%emt 0:00:06]} Bxh3 {[%emt 0:00:05]} 1/2-1/2

[Event "SVK Extraliga 2019-20"]
[Site "Slovakia"]
[Date "2019.11.23"]
[Round "3.3"]
[White "Horvath, Jozsef"]
[Black "Vykouk, Jan"]
[Result "1/2-1/2"]
[WhiteElo "2437"]
[BlackElo "2433"]
[Annotator "NA"]
[PlyCount "86"]
[EventDate "2019.10.19"]
[EventType "team-tourn"]
[EventCountry "SVK"]
[SourceTitle "playchess.com"]
[Source "ChessBase"]
[SourceQuality "1"]
[WhiteTeam "Podhajska"]
[BlackTeam "Modra"]
[TimeControl "40/5400+30:1800+30"]

1. Nf3 {[%emt 0:00:00]} Nf6 {[%emt 0:00:00]} 2. g3 {[%emt 0:00:06]} g6 {[%emt 0:01:29]} 3. b3 {[%emt 0:00:31]} Bg7 {[%emt 0:00:46]} 4. Bb2 {[%emt 0:00:06]} c5 {[%emt 0:02:10]} 5. c4 {[%emt 0:00:54]} d6 {[%emt 0:00:44]} 6. Bg2 {[%emt 0:00:14]} e5 {[%emt 0:00:53]} 7. d3 {[%emt 0:02:10]} Nc6 {[%emt 0:00:16]} 8. Nc3 {[%emt 0:00:26]} O-O {[%emt 0:00:14]} 9. O-O {[%emt 0:00:16]} Be6 {[%emt 0:05:02]} 10. a3 {[%emt 0:05:08]} h6 {[%emt 0:00:39]} 11. Nd2 {[%emt 0:01:15]} d5 {[%emt 0:01:49]} 12. cxd5 {[%emt 0:00:11]} Nxd5 {[%emt 0:00:06]} 13. Rc1 {[%emt 0:00:10]} b6 {[%emt 0:02:17]} 14. b4 {[%emt 0:02:28]} Nxc3 {[%emt 0:09:39]} 15. Rxc3 {[%emt 0:09:46]} Bd5 {[%emt 0:10:49]} 16. bxc5 {[%emt 0:11:19]} Bxg2 {[%emt 0:04:59]} 17. Kxg2 {[%emt 0:00:16]} Nd4 {[%emt 0:03:00]} 18. e3 {[%emt 0:25:39]} Qd5+ {[%emt 0:09:24]} 19. Kg1 {[%emt 0:01:14]} Qa2 {[%emt 0:01:39]} 20. Nc4 {[%emt 0:22:09]} b5 {[%emt 0:01:02]} 21. exd4 {[%emt 0:00:33]} bxc4 {[%emt 0:00:05]} 22. Qa1 {[%emt 0:01:42]} Qxa1 {[%emt 0:02:25]} 23. Bxa1 {[%emt 0:00:02]} cxd3 {[%emt 0:00:21]} 24. Rxd3 {[%emt 0:00:24]} Rfd8 {[%emt 0:03:14]} 25. Rfd1 {[%emt 0:04:47]} e4 {[%emt 0:12:57]} 26. Rb3 {[%emt 0:00:45]} Rac8 {[%emt 0:00:32]} 27. Kg2 {[%emt 0:02:33]} Rxc5 {[%emt 0:20:04]} 28. dxc5 {[%emt 0:00:09]} Rxd1 {[%emt 0:00:04]} 29. c6 {[%emt 0:00:36]} Rc1 {[%emt 0:00:07]} 30. Bc3 {[%emt 0:04:13]} Bxc3 {[%emt 0:00:07]} 31. Rb8+ {[%emt 0:00:25]} Kg7 {[%emt 0:00:06]} 32. c7 {[%emt 0:00:10]} Bb2 {[%emt 0:00:27]} 33. c8=Q {[%emt 0:00:15]} Rxc8 {[%emt 0:00:06]} 34. Rxc8 {[%emt 0:00:03]} Bxa3 {[%emt 0:00:06]} 35. Rc4 {[%emt 0:01:01]} f5 {[%emt 0:00:17]} 36. Rc7+ {[%emt 0:00:10]} Kf6 {[%emt 0:00:08]} 37. Rxa7 {[%emt 0:00:05]} Bc5 {[%emt 0:00:06]} 38. Ra6+ {[%emt 0:00:12]} Kf7 {[%emt 0:01:03]} 39. Rc6 {[%emt 0:00:41]} Bd4 {[%emt 0:01:36]} 40. h3 {[%emt 0:00:51]} h5 {[%emt 0:01:22]} 41. g4 {[%emt 0:30:40]} hxg4 {[%emt 0:30:05]} 42. hxg4 {[%emt 0:00:05]} Be5 {[%emt 0:01:12]} 43. Ra6 {[%emt 0:01:51]} Bf4 {[%emt 0:02:54]} 1/2-1/2

[Event "SVK Extraliga 2019-20"]
[Site "Slovakia"]
[Date "2019.11.23"]
[Round "3.3"]
[White "Rohacek, Miroslav"]
[Black "Miesbauer, Jan"]
[Result "0-1"]
[WhiteElo "2222"]
[BlackElo "2382"]
[Annotator "NA"]
[PlyCount "66"]
[EventDate "2019.10.19"]
[EventType "team-tourn"]
[EventCountry "SVK"]
[SourceTitle "playchess.com"]
[Source "ChessBase"]
[SourceQuality "1"]
[WhiteTeam "KSN"]
[BlackTeam "Liptovska"]
[TimeControl "40/5400+30:1800+30"]

1. d4 {[%emt 0:00:37]} Nf6 {[%emt 0:00:00]} 2. Nf3 {[%emt 0:00:25]} g6 {[%emt 0:00:37]} 3. g3 {[%emt 0:01:05]} Bg7 {[%emt 0:00:10]} 4. Bg2 {[%emt 0:00:12]} O-O {[%emt 0:00:18]} 5. O-O {[%emt 0:00:18]} d6 {[%emt 0:00:41]} 6. b3 {[%emt 0:01:37]} e5 {[%emt 0:03:27]} 7. dxe5 {[%emt 0:01:20]} dxe5 {[%emt 0:05:19]} 8. Bb2 {[%emt 0:02:54]} e4 {[%emt 0:02:30]} 9. Ng5 {[%emt 0:11:32]} Qe7 {[%emt 0:03:53]} 10. Nc3 {[%emt 0:07:57]} Rd8 {[%emt 0:03:45]} 11. Qc1 {[%emt 0:04:04]} Bf5 {[%emt 0:00:52]} 12. g4 {[%emt 0:07:36]} Bxg4 {[%emt 0:08:49]} 13. Ngxe4 {[%emt 0:07:04]} Nc6 {[%emt 0:01:24]} 14. Qf4 Nxe4 {[%emt 0:01:35]} 15. Bxe4 {[%emt 0:08:11]} Be6 {[%emt 0:00:36]} 16. Bxc6 {[%emt 0:05:46]} bxc6 {[%emt 0:00:15]} 17. Na4 {[%emt 0:00:15]} Bxb2 {[%emt 0:02:26]} 18. Nxb2 {[%emt 0:01:45]} Rd5 {[%emt 0:01:06]} 19. e4 {[%emt 0:02:28]} Rg5+ {[%emt 0:02:15]} 20. Kh1 {[%emt 0:00:04]} Rg4 {[%emt 0:00:50]} 21. Qd2 {[%emt 0:05:50]} Rxe4 {[%emt 0:01:39]} 22. f3 {[%emt 0:01:34]} Bd5 {[%emt 0:05:46]} 23. Rf2 {[%emt 0:07:57]} Re3 {[%emt 0:09:05]} 24. Raf1 {[%emt 0:01:50]} Rd8 {[%emt 0:00:25]} 25. Nd3 {[%emt 0:00:40]} c5 {[%emt 0:00:46]} 26. Qc3 {[%emt 0:01:48]} Qg5 {[%emt 0:09:43]} 27. Qa5 {[%emt 0:04:57]} c4 {[%emt 0:02:47]} 28. Rg2 {[%emt 0:03:30]} Qf6 {[%emt 0:01:28]} 29. bxc4 {[%emt 0:01:17]} Rxf3 {[%emt 0:00:35]} 30. Rfg1 {[%emt 0:01:35]} Ba8 {[%emt 0:01:05]} 31. Qxc7 {[%emt 0:02:07]} Re8 {[%emt 0:01:06]} 32. Nb4 {[%emt 0:01:26]} Rf1 {[%emt 0:00:26]} 33. Nd5 {[%emt 0:05:29]} Rxg1+ {[%emt 0:00:12]} 0-1

[Event "SVK Extraliga 2019-20"]
[Site "Slovakia"]
[Date "2019.11.23"]
[Round "3.4"]
[White "Stohl, Igor"]
[Black "Chovan, Milan"]
[Result "1/2-1/2"]
[WhiteElo "2490"]
[BlackElo "2318"]
[Annotator "ChessBase"]
[PlyCount "65"]
[EventDate "2019.10.19"]
[EventType "team-tourn"]
[EventCountry "SVK"]
[SourceTitle "playchess.com"]
[Source "ChessBase"]
[SourceQuality "1"]
[WhiteTeam "Modra"]
[BlackTeam "Podhajska"]
[TimeControl "40/5400+30:1800+30"]

1. d4 {[%emt 0:00:00]} Nf6 {[%emt 0:00:00]} 2. c4 {[%emt 0:00:00]} g6 {[%emt 0:00:00]} 3. g3 {[%emt 0:00:02]} Bg7 {[%emt 0:00:04]} 4. Bg2 {[%emt 0:00:11]} O-O {[%emt 0:00:11]} 5. Nc3 {[%emt 0:00:18]} d6 {[%emt 0:00:08]} 6. Nf3 {[%emt 0:00:19]} Nc6 {[%emt 0:00:07]} 7. O-O {[%emt 0:00:14]} e5 {[%emt 0:01:42]} 8. dxe5 {[%emt 0:00:31]} dxe5 {[%emt 0:00:11]} 9. Bg5 {[%emt 0:00:25]} Be6 {[%emt 0:00:09]} 10. Qc1 {[%emt 0:00:27]} Qe8 {[%emt 0:03:03]} 11. Rd1 {[%emt 0:10:41]} Rd8 {[%emt 0:02:57]} 12. Rxd8 {[%emt 0:14:12]} Qxd8 {[%emt 0:00:22]} 13. Ne4 {[%emt 0:00:25]} Bf5 {[%emt 0:07:11]} 14. Nfd2 {[%emt 0:02:22]} Nd4 {[%emt 0:06:08]} 15. Qd1 {[%emt 0:01:59]} Bg4 {[%emt 0:03:52]} 16. f3 {[%emt 0:01:39]} Bc8 {[%emt 0:02:02]} 17. Nb3 {[%emt 0:13:29]} Bf5 {[%emt 0:16:49]} 18. e3 {[%emt 0:14:31]} Nxb3 {[%emt 0:02:54]} 19. Qxd8 {[%emt 0:00:18]} Rxd8 {[%emt 0:00:07]} 20. Nxf6+ {[%emt 0:00:10]} Bxf6 {[%emt 0:00:12]} 21. Bxf6 {[%emt 0:00:06]} Rd6 {[%emt 0:00:11]} 22. axb3 {[%emt 0:07:14]} Rxf6 {[%emt 0:00:12]} 23. e4 {[%emt 0:16:18]} Bd7 {[%emt 0:02:39]} 24. Rxa7 {[%emt 0:03:59]} Rb6 {[%emt 0:01:51]} 25. Ra8+ {[%emt 0:01:21]} Kg7 {[%emt 0:00:15]} 26. Rd8 {[%emt 0:00:24]} Be6 {[%emt 0:18:36]} 27. Rd3 {[%emt 0:01:28]} Rb4 {[%emt 0:00:53]} 28. Rc3 {[%emt 0:03:14]} c6 {[%emt 0:00:49]} 29. Bf1 {[%emt 0:01:02]} b5 {[%emt 0:03:18]} 30. Kf2 {[%emt 0:03:34]} bxc4 {[%emt 0:00:49]} 31. Bxc4 {[%emt 0:00:21]} Bxc4 {[%emt 0:00:07]} 32. Rxc4 {[%emt 0:00:07]} Rxb3 {[%emt 0:00:05]} 33. Rxc6 {[%emt 0:00:14]} 1/2-1/2

[Event "SVK Extraliga 2019-20"]
[Site "Slovakia"]
[Date "2019.11.23"]
[Round "3.4"]
[White "Piesik, Piotr"]
[Black "Czebe, Attila"]
[Result "1-0"]
[WhiteElo "2403"]
[BlackElo "2358"]
[Annotator "NA"]
[PlyCount "103"]
[EventDate "2019.10.19"]
[EventType "team-tourn"]
[EventCountry "SVK"]
[SourceTitle "playchess.com"]
[Source "ChessBase"]
[SourceQuality "1"]
[WhiteTeam "Dubnica"]
[BlackTeam "Streda"]
[TimeControl "40/5400+30:1800+30"]

1. d4 {[%emt 0:00:00]} d6 {[%emt 0:00:00]} 2. Nf3 {[%emt 0:00:29]} g6 {[%emt 0:00:07]} 3. g3 {[%emt 0:01:58]} Bg7 {[%emt 0:00:09]} 4. Bg2 {[%emt 0:00:05]} e5 {[%emt 0:00:33]} 5. e4 {[%emt 0:10:56]} Nd7 {[%emt 0:05:57]} 6. dxe5 {[%emt 0:00:56]} dxe5 {[%emt 0:00:20]} 7. O-O {[%emt 0:00:09]} Ngf6 {[%emt 0:00:32]} 8. Qe2 {[%emt 0:02:50]} O-O {[%emt 0:00:23]} 9. Rd1 {[%emt 0:01:08]} Re8 {[%emt 0:00:48]} 10. b3 {[%emt 0:03:32]} c6 {[%emt 0:00:25]} 11. a4 {[%emt 0:10:19]} Qc7 {[%emt 0:00:50]} 12. a5 {[%emt 0:05:16]} Nc5 {[%emt 0:01:32]} 13. Nbd2 {[%emt 0:00:23]} Bg4 {[%emt 0:01:46]} 14. Bb2 {[%emt 0:01:59]} Rad8 {[%emt 0:04:35]} 15. Qe3 {[%emt 0:03:02]} Bf8 {[%emt 0:15:57]} 16. b4 {[%emt 0:03:34]} Ncd7 {[%emt 0:00:39]} 17. Bc3 {[%emt 0:06:02]} a6 {[%emt 0:03:43]} 18. Bf1 {[%emt 0:03:01]} c5 {[%emt 0:06:29]} 19. b5 {[%emt 0:02:53]} c4 {[%emt 0:00:04]} 20. b6 {[%emt 0:07:07]} Qc6 {[%emt 0:00:24]} 21. h3 {[%emt 0:02:53]} Bc5 {[%emt 0:09:26]} 22. Qe2 {[%emt 0:00:06]} Bh5 {[%emt 0:12:02]} 23. Re1 {[%emt 0:05:02]} Bd4 {[%emt 0:06:09]} 24. Bxd4 {[%emt 0:01:58]} exd4 {[%emt 0:00:09]} 25. Qxc4 {[%emt 0:00:04]} Qxc4 {[%emt 0:00:04]} 26. Bxc4 {[%emt 0:00:06]} Bxf3 {[%emt 0:00:02]} 27. Nxf3 {[%emt 0:00:12]} Ne5 {[%emt 0:00:02]} 28. Nxe5 {[%emt 0:00:30]} Rxe5 29. Bd3 {[%emt 0:01:36]} g5 {[%emt 0:01:01]} 30. f3 {[%emt 0:02:06]} Kf8 {[%emt 0:02:26]} 31. Reb1 h5 {[%emt 0:00:49]} 32. Rb4 {[%emt 0:03:22]} h4 {[%emt 0:00:52]} 33. gxh4 {[%emt 0:05:36]} gxh4 {[%emt 0:00:07]} 34. f4 {[%emt 0:00:13]} Re7 {[%emt 0:06:39]} 35. Raa4 {[%emt 0:01:15]} Nxe4 {[%emt 0:01:57]} 36. Rxd4 {[%emt 0:00:07]} Rxd4 {[%emt 0:00:08]} 37. Rxd4 {[%emt 0:00:03]} Nc5 {[%emt 0:00:04]} 38. Kf2 {[%emt 0:04:59]} Re6 {[%emt 0:00:01]} 39. Bc4 {[%emt 0:01:38]} Rc6 {[%emt 0:01:35]} 40. Bd5 {[%emt 0:00:16]} Rd6 {[%emt 0:00:44]} 41. Ke3 {[%emt 0:31:21]} f5 {[%emt 0:30:52]} 42. Bc4 {[%emt 0:00:00]} Rg6 {[%emt 0:00:00]} 43. Rd5 {[%emt 0:00:00]} Rg3+ {[%emt 0:00:00]} 44. Kd4 {[%emt 0:00:00]} Ne6+ {[%emt 0:00:00]} 45. Ke5 {[%emt 0:00:00]} Ke7 {[%emt 0:00:00]} 46. Rd3 {[%emt 0:00:00]} Nc5 {[%emt 0:00:00]} 47. Rxg3 {[%emt 0:00:00]} hxg3 {[%emt 0:00:00]} 48. Bf1 Ne4 {[%emt 0:00:00]} 49. Bg2 {[%emt 0:00:00]} Nd6 {[%emt 0:00:00]} 50. Kd4 {[%emt 0:00:00]} Kd7 {[%emt 0:00:00]} 51. h4 {[%emt 0:00:00]} Ke7 {[%emt 0:00:00]} 52. c4 {[%emt 0:00:00]} 1-0